[Event "ROM-ch U10"]
[Site "Calimanesti Caciulata"]
[Date "2019.04.17"]
[Round "3"]
[White "Amititeloaie, Rares"]
[Black "Priescu, Andrei Onoriu"]
[Result "1-0"]
[WhiteElo "1004"]
[BlackElo "1001"]
[PlyCount "117"]
[EventDate "2019.04.15"]
[EventType "swiss"]
[EventRounds "9"]
[EventCountry "ROU"]
[SourceTitle "CBM 190 Extra"]
[Source "ChessBase"]
[SourceDate "2019.07.15"]
[SourceVersion "1"]
[SourceVersionDate "2019.07.15"]
[SourceQuality "1"]

1. d4 d5 2. Nf3 c5 3. e3 Nc6 4. b3 Bg4 5. c4 e6 6. h3 Bh5 7. g4 Bg6 8. Bd3 Bxd3 9. Qxd3 g6 10. Bb2 Bg7 11. Ne5 Nge7 12. f4 f5 13. dxc5 Qa5+ 14. Qd2 Qxc5 15. Nxc6 Bxb2 16. Qxb2 Qxe3+ 17. Qe2 Qxe2+ 18. Kxe2 bxc6 19. Nc3 dxc4 20. bxc4 Rb8 21. Rab1 0-0 22. Rxb8 Rxb8 23. Rb1 Rxb1 24. Nxb1 Kf7 25. Ke3 Kf6 26. g5+ Kg7 27. Nd2 h6 28. Nf3 hxg5 29. fxg5 e5 30. Nxe5 a5 31. a3 a4 32. Kf4 c5 33. Nd7 Kf7 34. Nxc5 Nc6 35. Nxa4 Nd4 36. Kg3 Ne2+ 37. Kf2 Nd4 38. Nb6 Ke6 39. c5 f4 40. h4 Kf5 41. a4 Nc6 42. Nd7 Kg4 43. Nf8 Kxh4 44. Nxg6+ Kxg5 45. Nh8 Kg4 46. Nf7 Kf5 47. Nd6+ Ke5 48. Nb7 Ke4 49. a5 Nb4 50. Ke2 f3+ 51. Kf2 Nd3+ 52. Kf1 Kd5 53. a6 Kc6 54. Kg1 f2+ 55. Kf1 Kc7 56. Nd8 Nxc5 57. a7 Kxd8 58. a8Q+ Kc7 59. Kxf2 1-0

[Event "ROM-ch U10"]
[Site "Calimanesti Caciulata"]
[Date "2019.04.17"]
[Round "4"]
[White "Priescu, Andrei Onoriu"]
[Black "Vasilescu, Ioan M"]
[Result "1-0"]
[WhiteElo "1001"]
[BlackElo "1010"]
[PlyCount "67"]
[EventDate "2019.04.15"]
[EventType "swiss"]
[EventRounds "9"]
[EventCountry "ROU"]
[SourceTitle "CBM 190 Extra"]
[Source "ChessBase"]
[SourceDate "2019.07.15"]
[SourceVersion "1"]
[SourceVersionDate "2019.07.15"]
[SourceQuality "1"]

1. e4 e5 2. Nf3 Nc6 3. Bc4 Bc5 4. c3 Nf6 5. d3 h6 6. Bb3 d6 7. 0-0 Bg4 8. Nbd2 0-0 9. h3 Bxf3 10. Qxf3 Ne7 11. Re1 Ng6 12. Nf1 c6 13. Be3 Bb6 14. d4 exd4 15. cxd4 Re8 16. Ng3 Nh4 17. Qd1 Ng6 18. Bc2 Ba5 19. Bd2 Bxd2 20. Qxd2 Qb6 21. f3 Qxb2 22. Nf5 Re6 23. Reb1 Qa3 24. Rxb7 Qa6 25. Rab1 Qxa2 26. Rc7 Qa6 27. Bb3 d5 28. exd5 Nxd5 29. Ne3 Qb5 30. Ba2 Qa6 31. Nxd5 cxd5 32. Bxd5 Rf6 33. Bxa8 Nh4 34. Be4 1-0

[Event "ROM-ch U10"]
[Site "Calimanesti Caciulata"]
[Date "2019.04.16"]
[Round "2"]
[White "Priescu, Andrei Onoriu"]
[Black "Ilie, Sebastian Gabriel"]
[Result "0-1"]
[WhiteElo "1001"]
[BlackElo "1052"]
[PlyCount "46"]
[EventDate "2019.04.15"]
[EventType "swiss"]
[EventRounds "9"]
[EventCountry "ROU"]
[SourceTitle "CBM 190 Extra"]
[Source "ChessBase"]
[SourceDate "2019.07.15"]
[SourceVersion "1"]
[SourceVersionDate "2019.07.15"]
[SourceQuality "1"]

1. e4 c5 2. Nf3 e6 3. Nc3 a6 4. Bc4 Nc6 5. d3 Qc7 6. 0-0 Nf6 7. a3 b5 8. Ba2 Bb7 9. Bg5 Be7 10. Ne2 h6 11. Bf4 Bd6 12. Be3 Ng4 13. g3 Nce5 14. Nh4 g5 15. Ng2 Nf3+ 16. Kh1 Ngxh2 17. Nc1 g4 18. Ne1 Nxe1 19. Qxe1 Nf3 20. Qe2 h5 21. c3 Bxg3 22. fxg3 Qxg3 23. Qe1 Qh2# 0-1